000 00678nam a2200229Ia 4500
003 OSt
005 20220926045606.0
006 a|||||r|||| 00| 0
007 ta
008 220923b |||||||| |||| 00| 0 eng d
037 _cGeneral Book
040 _aRTL
_cRTL
_beng
041 _2eng
_aeng
082 _aV1N45,933:8.N75.(2:55), L6
110 _aUnited Nations Dag Hammarskiold Library
_9350391
245 0 _aIndex to the proceedings of the General Assembly
260 _c1976
650 _aHistory
700 _aUnited Nations Dag Hammarskiold Library
_9350392
942 _hV1N45,933:8.N75.(2:55), L6
_cGB
_2CC
999 _c678010
_d678010